000 01579nam a2200373 c 4500
003 BLK
005 20250531122634.0
008 180411b bul|||||r ||||||| ||bul||
010 _aKNG00186125000
020 _a978-619-191-088-5
_bиздат.: Арт Етърнал Дистрибушън
040 _aBLK
041 _aBUL
_cBUL
072 7 _2bullib
_aН83
_xЧужда художествена литература Н
080 _aАмериканска литература (на САЩ)
_b821.111(73)
_x-312.4
_z821.111(73)-312.4
100 1 _aРайх, Кристофър
_eпърви автор
_9274980
700 1 _aДобрянов, Николай
_eпрев. от англ.
_963813
139 _aРайх, Кристофър
_bР 29
245 1 0 _aБанкер на дявола
_bТрилър
_cКристофър Райх; прев. от англ. Николай Добрянов.
250 _aНово изд.
257 _aUSA
260 София
_bАрт Етърнал Дистрибушън
_c2015
_fСофия : Алианс принт
300 _a446 с.
_c21 см
380 _aX
500 _a1. изд. 2005 на изд. Хермес в Мегаселър. - Ориг. загл. The Devil's Banker / Chistopher Reich.
653 _aтрилъри
653 _aромани
659 _aН
852 _aЦб 279210
856 4 _qpdf
_u
856 4 _qpdf
_u
942 _cKNG
_n0
_023
944 _aCR
_c03.02.2016
_lСевдалина Тодорова
_k30540
944 _aED
_c26.06.2017
_lф /
_kЛюдмила_Стоянова
999 _c177455
_d177455